书目信息 |
| 题名: |
中国高考制度改革展望
|
|
| 作者: | ;国家教育委员会学生管理司 主编 | |
| 分册: | ||
| 出版信息: | 北京 高等教育出版社 1986 |
|
| 页数: | 359页 | |
| 开本: | 19cm | |
| 丛书名: | ||
| 单 册: | ||
| 中图分类: | G473.3 | |
| 科图分类: | ||
| 主题词: | 学籍 | |
| 电子资源: | ||
| ISBN: | ||
| 000 | 00706nam0 2200229 45 | |
| 001 | 0186017064 | |
| 005 | 20041229091653.3 | |
| 010 | @dCNY2.45 | |
| 091 | @a7010.0662 | |
| 100 | @a19900809d1986 mk y0chiy0121 ea | |
| 101 | 0 | @achi |
| 102 | @aCN@b110000 | |
| 105 | @ay z 000yy | |
| 200 | 10 | @a中国高考制度改革展望@Azhong guo gao kao zhi du gai ge zhan wang@f国家教育委员会学生管理司主编@FGuo Jia Jiao Yu Wei Yuan Hui Xue Sheng Guan Li Si Zhu Bian |
| 210 | @a北京@c高等教育出版社@d1986 | |
| 215 | @a359页@d19cm | |
| 606 | @a学籍 | |
| 690 | @aG473.3@v3 | |
| 711 | 02 | @a国家教育委员会学生管理司@4主编 |
| 801 | 0 | @aCN@b深圳图书馆@c20040424 |
| 801 | 2 | @aCN@bNLC@c20040424 |
| 905 | @dG473.3@e12@f1@b158839 | |
| 中国高考制度改革展望/国家教育委员会学生管理司主编.-北京:高等教育出版社,1986 |
| 359页;19cm |
| ISBN :CNY2.45 |
| ● |
| 相关链接 |
|
|
|
|
正题名:中国高考制度改革展望
索取号:G473.3/12
 
预约/预借
| 序号 | 登录号 | 条形码 | 馆藏地/架位号 | 状态 | 备注 |
| 1 | 0158838 | 000459792 | 密集书库/ [索取号:G473.3/12] | 在馆 | |
| 2 | 0158839 | 001971165 | 密集书库/ [索取号:G473.3/12] | 在馆 | |
| 3 | 0158840 | 000459836 | 第一样本阅览室/ [索取号:G473.3/12] | 在馆 |